000 00522nam a22001817a 4500
003 LK-CoDNM
005 20250120125040.0
008 250120b |||||||| |||| 00| 0 eng d
040 _aLK-CoDNM
_dLK-CoDNM
_eLK-CoDNM
041 _aeng
080 _a9
_bF6
100 _aWoodward, Smith, Arthur
245 _aOutlines of Vertebrate Paleontology for Students of Zoology
260 _aLondon
_bCambridge - At the University Press
_c1898
300 _axxiv, 470p. : ill , 23 cm
650 _aScience
942 _cBK
999 _c237029
_d237029